00346nam a2200133Ia 450000500170000000800410001704100080005808200160006610000170008224500500009926000400014930000090018965000140019820250729165723.0250729s2011 xx 000 0 und d aeng a372.25 AGGP aJ C Aggarwal aPrinciples Methods and techniques of Teaching aNoidabVikas Publishing Housec2011 a427p aEducation